000 01449nam a22003490a 4500
001 PT21227
003 AR-LpoUNG
005 20210131232954.0
008 191001s2002||||ag |||||||||||||||||spa d
020 _a9879870123
_c$6,36
040 _aAR-LpoUNG
_bspa
_cAR-LpoUNG
_eaacr
044 _aag
082 0 _a982.065 597pas
100 1 _aVezzetti, Hugo
245 1 0 _aPasado y presente :
_bguerra, dictadura y sociedad en la Argentina
250 _a1ra ed.
260 _aBuenos Aires :
_bSiglo Veintiuno,
_c2002.
300 _a236 p. :
_bfot.
520 _a<p>Ensayo retrospectivo que se propone reflexionar sobre nuestra historia reciente y sobre sus consecuencias hacia el presente, de un modo que busca distanciarse del enfoque periodístico, testimonial o de denuncia. El eje central de la obra es la experiencia social del terrorismo de Estado en la Argentina. En esa dirección, trata de explorar la construcción y los efectos de la memoria social, las modalidades de recuperación y de conocimiento de esa experiencia límite a partir, sobre todo, de la relación de la dictadura con la sociedad.</p>
650 4 _aANALISIS HISTORICO
650 4 _aANALISIS SOCIOLOGICO
650 4 _aARGENTINA
650 4 _aASPECTOS POLITICOS
650 4 _aASPECTOS SOCIALES
650 4 _aDICTADURA
650 4 _aGOBIERNO MILITAR
651 4 _aArgentina
653 _aMAES
653 _aREPRESION
905 _a21227
942 _cLSALA
999 _c18491
_d18491